Cestná nákladná doprava v logistickom reťazci

Charakteristika dopravy a podmienky jej fungovania v medzinárodnej cestnej nákladnej doprave. Vývoj medzinárodnej cestnej dopravy. Podmienky organizácie Česmadu Slovakia a IRU. Súčasná situácia dopravy na Slovensku .

Saved in:
Bibliographic Details
Main Author: Slaninková, Jana
Format: Book Chapter
Language:Slovak
Subjects:
Tags: Add Tag
No Tags, Be the first to tag this record!

MARC

LEADER 00000naa$a2200000$$$4500
001 0099238
005 20240502072107.4
041 0 |a slo 
044 |a SK 
245 1 0 |a Cestná nákladná doprava v logistickom reťazci  |c Jana Slaninková 
520 |a Charakteristika dopravy a podmienky jej fungovania v medzinárodnej cestnej nákladnej doprave. Vývoj medzinárodnej cestnej dopravy. Podmienky organizácie Česmadu Slovakia a IRU. Súčasná situácia dopravy na Slovensku . 
610 2 0 |a doprava cestná 
610 2 0 |a doprava medzinárodná 
610 2 0 |a reťazce logistické 
610 2 0 |a Slovensko 
100 1 |a Slaninková, Jana